000 00354nam a2200157Ia 4500
008 230524s9999 xx 000 0 und d
082 _a5
_bGHO
100 _aSmarajit Ghosh
245 0 _aProgramming in C
250 _a1ST
260 _aNEW DELHI
_bPHI
_c2004
300 _aXI;311
500 _aQuantity Number: 2
650 _aComp-Sc
942 _cBK
999 _c36733
_d36733